| 000 | 00749nam a2200253 i 4500 | ||
|---|---|---|---|
| 001 | bg | ||
| 245 | 0 | 0 |
_aSystemy analizy danych dla całej organizacji - SENS i SEWSS : _bseminarium, Warszawa 15 października 1999 / _cStatSoft Polska. |
| 260 |
_aKraków : _bStatSoft, _c1999. |
||
| 300 |
_a55 s. : _brys., wykr. ; _c24 cm. |
||
| 650 | 9 | _aBaza danych | |
| 650 | 9 |
_aRynek _xbadanie _xmetody |
|
| 650 | 9 |
_aStatistica (informat.) _xstosowanie |
|
| 650 | 9 | _aSENS | |
| 650 | 9 | _aSEWSS | |
| 655 | _aMateriały konferencyjne | ||
| 710 | 0 | _aStatSoft Polska | |
| 020 | _a8390473593 | ||
| 040 | _cBPK | ||
| 041 | 0 | _apl | |
| 080 | _a004.65:004.42:339.13](061) | ||
| 920 | _a83-904735-9-3 | ||
| 942 | _cKS | ||
| 008 | s pl f |000 0 pol | ||
| 999 |
_c36607 _d36607 |
||
| 856 |
_uhttp://koha.tu.koszalin.pl/cgi-bin/koha/opac-detail.pl?biblionumber=36607 _yKatalog online BPK |
||